Diderot: La religieuse
| Main Author: | |
|---|---|
| Format: | Print Book |
| Language: | English French |
| Subito Delivery Service: | Order now. |
| Check availability: | HBZ Gateway |
| WorldCat: | WorldCat |
| Interlibrary Loan: | Interlibrary Loan for the Fachinformationsdienste (Specialized Information Services in Germany) |
| Published: |
London
Grant & Cutler
1981
|
| In: |
Critical guides to French texts (10)
Year: 1981 |
| Series/Journal: | Critical guides to French texts
10 |
| Standardized Subjects / Keyword chains: | B
Diderot, Denis 1713-1784, La religieuse
|
| Further subjects: | B
Diderot++Denis++1713-1784++Religieuse, La
B Fiction in French. Diderot, Denis. Religieuse,++La - Critical studies |
MARC
| LEADER | 00000cam a2200000 c 4500 | ||
|---|---|---|---|
| 001 | 023107030 | ||
| 003 | DE-627 | ||
| 005 | 20251219210002.0 | ||
| 007 | tu | ||
| 008 | 851107s1981 xxk||||| 00| ||eng c | ||
| 016 | 7 | |a b8217577 |2 UK | |
| 020 | |a 844994743X |9 84-499-4743-X | ||
| 020 | |a 0729301060 |9 0-7293-0106-0 | ||
| 035 | |a (DE-627)023107030 | ||
| 035 | |a (DE-576)03726981X | ||
| 035 | |a (DE-599)GBV023107030 | ||
| 035 | |a (OCoLC)8672698 | ||
| 035 | |a (OCoLC)08672698 | ||
| 040 | |a DE-627 |b ger |c DE-627 |e rakwb | ||
| 041 | |a eng |a fre | ||
| 044 | |c XA-GB | ||
| 050 | 0 | |a PQ1979.A76 | |
| 082 | 0 | |a 843/.5 |q OCLC | |
| 082 | 0 | |a 843.5 | |
| 084 | |a 0 |2 ssgn | ||
| 084 | |a CF 3117 |2 rvk |0 (DE-625)rvk/18077:11616 | ||
| 084 | |a IG 2255 |2 rvk |0 (DE-625)rvk/55879:11856 | ||
| 084 | |a 08.24 |2 bkl | ||
| 084 | |a 18.23 |2 bkl | ||
| 100 | 1 | |0 (DE-588)119529734 |0 (DE-627)080346448 |0 (DE-576)212893246 |4 aut |a Mylne, Vivienne |d 1922- | |
| 109 | |a Mylne, Vivienne 1922- |a Mylne, Vivienne G. 1922- | ||
| 245 | 1 | 0 | |a Diderot: La religieuse |c Vivienne Mylne |
| 264 | 1 | |a London |b Grant & Cutler |c 1981 | |
| 300 | |a 72 S. | ||
| 336 | |a Text |b txt |2 rdacontent | ||
| 337 | |a ohne Hilfsmittel zu benutzen |b n |2 rdamedia | ||
| 338 | |a Band |b nc |2 rdacarrier | ||
| 490 | 1 | |a Critical Guides to French texts |v 10 | |
| 500 | |a Bibliography: p71-72 | ||
| 583 | 1 | |a Archivierung prüfen |c 20200919 |f DE-640 |z 2 |2 pdager | |
| 583 | 1 | |a Archivierung/Langzeitarchivierung gewährleistet |f SSG |x XA-DE-BW |2 pdager |5 DE-21 | |
| 583 | 1 | |a Archivierung prüfen |c 20240324 |f DE-4165 |z 2 |2 pdager | |
| 601 | |a La religieuse | ||
| 650 | 4 | |a Fiction in French. Diderot, Denis. Religieuse,++La - Critical studies | |
| 650 | 4 | |a Diderot++Denis++1713-1784++Religieuse, La | |
| 689 | 0 | 0 | |d u |0 (DE-588)4220062-3 |0 (DE-627)105020737 |0 (DE-576)210261595 |a Diderot, Denis |2 gnd |d 1713-1784 |t La religieuse |
| 689 | 0 | |5 DE-101 | |
| 830 | 0 | |a Critical guides to French texts |v 10 |9 10 |w (DE-627)167073702 |w (DE-576)009257659 |w (DE-600)404921-4 |7 am | |
| 935 | |i Blocktest | ||
| 936 | r | v | |a CF 3117 |b Abhandlungen, Studien |k Philosophie |k Geschichte der Philosophie |k Geschichte der Philosophie des Abendlandes von Antike bis 20. Jahrhundert |k Philosophie des 17. und 18. Jahrhunderts |k Autoren |k Autoren D |k Diderot, Denis |k Abhandlungen, Studien |0 (DE-627)1271559625 |0 (DE-625)rvk/18077:11616 |0 (DE-576)201559625 |
| 936 | r | v | |a IG 2255 |b Sekundärliteratur |k Romanistik |k Französische Literatur im 18. und 19. Jahrhundert |k Französische Literatur im 18. Jahrhundert |k Literaturgeschichte |k Einzelne Autoren und ausgewählte Anonyma |k Autoren D |k Diderot, Denis |k Sekundärliteratur |0 (DE-627)1271461269 |0 (DE-625)rvk/55879:11856 |0 (DE-576)201461269 |
| 936 | b | k | |a 08.24 |j Neue westliche Philosophie |0 (DE-627)106402641 |
| 936 | b | k | |a 18.23 |j Französische Literatur |0 (DE-627)106405411 |
| 951 | |a BO | ||
| ELC | |b 1 | ||
| ITA | |a 1 |t 1 | ||
| LOK | |0 000 xxxxxcx a22 zn 4500 | ||
| LOK | |0 001 3223653384 | ||
| LOK | |0 003 DE-627 | ||
| LOK | |0 004 023107030 | ||
| LOK | |0 005 19960217000000 | ||
| LOK | |0 008 950321||||||||||||||||ger||||||| | ||
| LOK | |0 040 |a DE-21 |c DE-627 |d DE-21 | ||
| LOK | |0 852 |a DE-21 | ||
| LOK | |0 852 1 |c 4 E 8492 |9 00 | ||
| LOK | |0 935 |a kram |a konv | ||
| LOK | |0 939 |a 21-03-95 |b l01 | ||
| ORI | |a SA-MARC-ixtheoa001.raw | ||
| REL | |a 1 | ||
| SUB | |a REL | ||
| SYG | 0 | 0 | |a Diderot, Denis,1713-1784,Die Nonne |



